000 01604cam a2200421 a 4500
001 15075548
003 OSt
005 20140310182812.0
008 071108s2008 nyu b 000 0 eng
010 _a 2007046251
020 _a9780071497961
040 _aDLC
_cDLC
_dDLC
043 _an-us---
050 0 0 _aD 21
_b.M379 2008
082 0 0 _aM 909
_bM379 2008
100 1 _aMartin, Peggy J.
245 1 0 _a5 steps to a ap world history 2008-2009
_cMartin, Peggy J.
246 3 _aAdvanced placement world history
260 _aNew York :
_bMcGraw-Hill Companies Inc.,
_cc2008.
300 _axvi, 310 p.
_c28 cm.
490 0 _a5 steps to a 5
500 _aEditions after 2008 are cataloged as a serial in LC.
_5DLC
504 _aIncludes bibliographical references (p. [311).
521 _aCollege Students
526 _c1210L-1700L
541 _j1
562 _e1
650 0 _aWorld history
_xExaminations
_vStudy guides.
650 0 _aAdvanced placement programs (Education)
_xExaminations
_vStudy guides.
710 2 _aMcGraw-Hill Companies.
856 4 2 _3Contributor biographical information
_uhttp://www.loc.gov/catdir/enhancements/fy0805/2007046251-b.html
856 4 2 _3Publisher description
_uhttp://www.loc.gov/catdir/enhancements/fy0805/2007046251-d.html
856 4 1 _3Table of contents only
_uhttp://www.loc.gov/catdir/enhancements/fy0805/2007046251-t.html
906 _a7
_bcbc
_corignew
_d1
_eecip
_f20
_gy-gencatlg
942 _2lcc
_cBK
_kM
999 _c16199
_d16199